Analyse des Pandectes de Pothier, en français, servant aussi de table analytique et alphabétique des matières, également applicable au Digeste / (Record no. 160164)
[ view plain ]
| 000 -LEADER | |
|---|---|
| campo de control de longitud fija | 00792nam a2200193 4500 |
| 001 - NÚMERO DE CONTROL | |
| campo de control | 160164 |
| 003 - IDENTIFICADOR DE NÚMERO DE CONTROL | |
| campo de control | ES-MaACL |
| 005 - FECHA Y HORA DE LA ÚLTIMA TRANSACCIÓN | |
| campo de control | 20230906211944.0 |
| 008 - DATOS DE LONGITUD FIJA--INFORMACIÓN GENERAL | |
| campo de control de longitud fija | 950322s1824 fr |||| | fre d |
| 040 ## - FUENTE DE CATALOGACIÓN | |
| Centro catalogador/agencia de origen | EUS |
| Lengua de catalogación | spa |
| Centro/agencia transcriptor | EUS |
| 100 1# - ENTRADA PRINCIPAL--NOMBRE DE PERSONA | |
| Nombre de persona | Moreau de Montalin, J. L. |
| 9 (RLIN) | 149976 |
| 245 10 - MENCIÓN DEL TÍTULO | |
| Título | Analyse des Pandectes de Pothier, en français, servant aussi de table analytique et alphabétique des matières, également applicable au Digeste / |
| Mención de responsabilidad, etc. | par M. Moreau de Montalin. |
| 260 ## - PUBLICACIÓN, DISTRIBUCIÓN, ETC. | |
| Lugar de publicación, distribución, etc. | Paris : |
| Nombre del editor, distribuidor, etc. | Librairie Nationale et Etrangère, |
| Fecha de publicación, distribución, etc. | 1824 ( |
| Fabricante | Imprimerie de J. MacCarthy) |
| 300 ## - DESCRIPCIÓN FÍSICA | |
| Extensión | 2 v. ; |
| Dimensiones | 20 cm. |
| 630 04 - PUNTO DE ACCESO ADICIONAL DE MATERIA--TÍTULO UNIFORME | |
| Título uniforme | Digesta. |
| 9 (RLIN) | 149974 |
| 650 #4 - PUNTO DE ACCESO ADICIONAL DE MATERIA--TÉRMINO DE MATERIA | |
| Término de materia o nombre geográfico como elemento de entrada | Derecho romano- |
| Subdivisión de forma | Fuentes. |
| 9 (RLIN) | 139068 |
| 700 1# - ENTRADA AGREGADA--NOMBRE PERSONAL | |
| Nombre de persona | Pothier, Robert Joseph. |
| 9 (RLIN) | 131306 |
| 852 ## - LOCALIZACIÓN | |
| Ubicación | ES-MaACL |
| Número de control de estantería | Z-291-92 |
| Nota libre | -- Enc. hol. |
| Encuadernación | Olim: C-19403-9 |
| Estatus retirado | Estado de pérdida | Estado de daño | No para préstamo | Colección | Biblioteca de origen | Biblioteca actual | Ubicación en estantería | Fecha de adquisición | Total de préstamos | Signatura topográfica completa | Código de barras | Visto por última vez | Precio de reemplazo | Tipo de ítem Koha |
|---|---|---|---|---|---|---|---|---|---|---|---|---|---|---|
| Libros del s. XIX | Biblioteca del Ateneo de Madrid | Biblioteca del Ateneo de Madrid | Depósito Z | 17/01/2008 | Z-291-92 | 1167682 | 23/02/2023 | 23/02/2023 | Libro impreso antiguo |
